Barok a súčasnosť : Zborník prednášok VŠVU v rokoch 1993-1998
Salvato in:
| Altri autori: | , |
|---|---|
| Natura: | Libro |
| Pubblicazione: |
Bratislava :
VŠVU,
2001
|
| Soggetti: | |
| Tags: |
Nessun Tag, puoi essere il primo ad aggiungerne!!
|
MARC
| LEADER | 00000nam a22000003a 4500 | ||
|---|---|---|---|
| 001 | stu79752 | ||
| 005 | 20150617225639.2 | ||
| 008 | 030313s2001----------------------------d | ||
| 020 | |a 8088675723 | ||
| 040 | |a STU |b slo | ||
| 041 | 0 | ||
| 100 | 1 | |a Mrenicová, Ľuba |4 com | |
| 245 | 1 | |a Barok a súčasnosť : |b Zborník prednášok VŠVU v rokoch 1993-1998 | |
| 260 | |a Bratislava : |b VŠVU, |c 2001 | ||
| 300 | |a 58 s | ||
| 650 | 7 | |a baroko |2 stusub | |
| 650 | 7 | |a dejiny umenia |2 stusub | |
| 700 | 1 | |a Kolesár, Zdeno |4 com | |
| 996 | |b 284AB00244 |c A*1097 B |l AAKNAR |s A |a 24 |w stu79752_0001 | ||